| 000 | 00380nam a2200133Ia 4500 | ||
|---|---|---|---|
| 008 | 230917s9999||||xx |||||||||||||| ||und|| | ||
| 040 |
_e94711 _aMAIN |
||
| 041 | _aEnglish | ||
| 082 | _a617 D289E | ||
| 100 | _aDavinder Kumar | ||
| 245 | 0 | _aEvaluation of cross garden screw fixation for management of fresh intracapsular fractures of femoral neck | |
| 300 | _a82 p. | ||
| 942 | _cTH | ||
| 999 |
_c55032 _d55032 |
||